000 003790000a22001690004500
001 001299
003 MACL
040 _aMACL
090 _c1299
_d1299
100 _aChattopadhyay, Deepanwita
245 _aExperiments in Science 2
_cDeepanwita Chattopadhyay
260 _aLearners Press,
_c2000
350 _a175
650 _aScience
942 _k500
_cBook
951 _o500 Book
999 _c1294
_d1294